000 004030000a22001210004500
090 _aAR
_b04158
245 1 0 _aHabitat specificity and food preferences of an assemblage of tropical Australian dung beetles
041 0 _aInglés
500 _a<Literatura de escarabajos coprófagos>
100 1 _aHill, Christopher J.
_998061
942 _cARTICULO
773 1 _tJournal of tropical ecology
_h12
_q449-460
_d1996
999 _c13256
_d13256